<?xml version="1.0" encoding="UTF-8"?>
<record
    xmlns:xsi="http://www.w3.org/2001/XMLSchema-instance"
    xsi:schemaLocation="http://www.loc.gov/MARC21/slim http://www.loc.gov/standards/marcxml/schema/MARC21slim.xsd"
    xmlns="http://www.loc.gov/MARC21/slim">

  <leader>01963nam0a2200361 i 4500</leader>
  <controlfield tag="001">RU\NLR\BIBL_A\010744855</controlfield>
  <controlfield tag="005">20240726102347.0</controlfield>
  <datafield tag="010" ind1=" " ind2=" ">
    <subfield code="a">9785422409624</subfield>
  </datafield>
  <datafield tag="021" ind1=" " ind2=" ">
    <subfield code="a">RU</subfield>
    <subfield code="b">2015-20101</subfield>
    <subfield code="9">1201</subfield>
  </datafield>
  <datafield tag="035" ind1=" " ind2=" ">
    <subfield code="a">(NILC)RuMoRGB-007895422</subfield>
  </datafield>
  <datafield tag="035" ind1=" " ind2=" ">
    <subfield code="a">(NLR Aleph) 010744855</subfield>
  </datafield>
  <datafield tag="090" ind1=" " ind2=" ">
    <subfield code="a">9919015</subfield>
    <subfield code="c">9919015</subfield>
  </datafield>
  <datafield tag="100" ind1=" " ind2=" ">
    <subfield code="a">20150506d2015    um y0rusy50      ca</subfield>
  </datafield>
  <datafield tag="101" ind1="1" ind2=" ">
    <subfield code="a">rus</subfield>
    <subfield code="c">fre</subfield>
  </datafield>
  <datafield tag="102" ind1=" " ind2=" ">
    <subfield code="a">RU</subfield>
  </datafield>
  <datafield tag="105" ind1=" " ind2=" ">
    <subfield code="a">y|||z|||000ay</subfield>
  </datafield>
  <datafield tag="200" ind1="1" ind2=" ">
    <subfield code="a">&#x424;&#x435;&#x43B;&#x438;&#x441;&#x438;, &#x438;&#x43B;&#x438; &#x41C;&#x43E;&#x438; &#x43F;&#x440;&#x43E;&#x43A;&#x430;&#x437;&#x44B;</subfield>
    <subfield code="e">[&#x440;&#x43E;&#x43C;&#x430;&#x43D;&#x44B;</subfield>
    <subfield code="f">&#x43F;&#x435;&#x440;. &#x441; &#x444;&#x440;. &#x410;. &#x412;&#x435;&#x440;&#x43A;&#x438;&#x43D;&#x430;]</subfield>
  </datafield>
  <datafield tag="210" ind1=" " ind2=" ">
    <subfield code="a">&#x41C;&#x43E;&#x441;&#x43A;&#x432;&#x430;</subfield>
    <subfield code="c">&#x422;&#x435;&#x440;&#x440;&#x430;</subfield>
    <subfield code="c">&#x41A;&#x43D;&#x438;&#x436;&#x43D;&#x44B;&#x439; &#x41A;&#x43B;&#x443;&#x431; &#x41A;&#x43D;&#x438;&#x433;&#x43E;&#x432;&#x435;&#x43A;</subfield>
    <subfield code="d">2015</subfield>
  </datafield>
  <datafield tag="215" ind1=" " ind2=" ">
    <subfield code="a">508, [2] &#x441;.</subfield>
    <subfield code="d">17</subfield>
  </datafield>
  <datafield tag="225" ind1="1" ind2=" ">
    <subfield code="a">&#x41C;&#x430;&#x43D;&#x43E;&#x43D;</subfield>
  </datafield>
  <datafield tag="327" ind1="1" ind2=" ">
    <subfield code="a">&#x421;&#x43E;&#x434;&#x435;&#x440;&#x436;.: &#x424;&#x435;&#x43B;&#x438;&#x441;&#x438;, &#x438;&#x43B;&#x438; &#x41C;&#x43E;&#x438; &#x43F;&#x440;&#x43E;&#x43A;&#x430;&#x437;&#x44B; / &#x410;&#x43D;&#x434;&#x440;&#x435; &#x420;&#x43E;&#x431;&#x435;&#x440; &#x410;&#x43D;&#x434;&#x440;&#x435;&#x430; &#x434;&#x435; &#x41D;&#x435;&#x440;&#x441;&#x438;&#x430;. &#x41C;&#x430;&#x440;&#x433;&#x43E;-&#x448;&#x442;&#x43E;&#x43F;&#x430;&#x43B;&#x44C;&#x449;&#x438;&#x446;&#x430; / &#x41B;&#x443;&#x438; &#x428;&#x430;&#x440;&#x43B;&#x44C; &#x424;&#x443;&#x436;&#x435;&#x440;&#x435; &#x434;&#x435; &#x41C;&#x43E;&#x43D;&#x431;&#x440;&#x43E;&#x43D;</subfield>
  </datafield>
  <datafield tag="333" ind1=" " ind2=" ">
    <subfield code="a">&#x412;&#x43D;&#x438;&#x43C;&#x430;&#x43D;&#x438;&#x435;. &#x422;&#x43E;&#x43B;&#x44C;&#x43A;&#x43E; &#x434;&#x43B;&#x44F; &#x432;&#x437;&#x440;&#x43E;&#x441;&#x43B;&#x44B;&#x445;</subfield>
  </datafield>
  <datafield tag="464" ind1=" " ind2="0">
    <subfield code="1">2001#$a&#x424;&#x435;&#x43B;&#x438;&#x441;&#x438;, &#x438;&#x43B;&#x438; &#x41C;&#x43E;&#x438; &#x43F;&#x440;&#x43E;&#x43A;&#x430;&#x437;&#x44B;$f&#x410;&#x43D;&#x434;&#x440;&#x435; &#x420;&#x43E;&#x431;&#x435;&#x440; &#x410;&#x43D;&#x434;&#x440;&#x435;&#x430; &#x434;&#x435; &#x41D;&#x435;&#x440;&#x441;&#x438;&#x430;</subfield>
    <subfield code="1">700#1$a&#x41D;&#x435;&#x440;&#x441;&#x438;&#x430;$b&#x410;.-&#x420;. &#x410;. &#x434;&#x435;$f1739-1800$g&#x410;&#x43D;&#x434;&#x440;&#x435;-&#x420;&#x43E;&#x431;&#x435;&#x440; &#x410;&#x43D;&#x434;&#x440;&#x435;&#x430; &#x434;&#x435;$3RU\NLR\AUTH\770264727</subfield>
    <subfield code="t">&#x424;&#x435;&#x43B;&#x438;&#x441;&#x438;, &#x438;&#x43B;&#x438; &#x41C;&#x43E;&#x438; &#x43F;&#x440;&#x43E;&#x43A;&#x430;&#x437;&#x44B;</subfield>
    <subfield code="a">&#x41D;&#x435;&#x440;&#x441;&#x438;&#x430;, &#x410;&#x43D;&#x434;&#x440;&#x435;-&#x420;&#x43E;&#x431;&#x435;&#x440; &#x410;&#x43D;&#x434;&#x440;&#x435;&#x430; &#x434;&#x435; (1739-1800)</subfield>
  </datafield>
  <datafield tag="464" ind1=" " ind2="0">
    <subfield code="1">2001#$a&#x41C;&#x430;&#x440;&#x433;&#x43E;-&#x448;&#x442;&#x43E;&#x43F;&#x430;&#x43B;&#x44C;&#x449;&#x438;&#x446;&#x430;$f&#x41B;&#x443;&#x438; &#x428;&#x430;&#x440;&#x43B;&#x44C; &#x424;&#x443;&#x436;&#x435;&#x440;&#x435; &#x434;&#x435; &#x41C;&#x43E;&#x43D;&#x431;&#x440;&#x43E;&#x43D;</subfield>
    <subfield code="1">700#1$a&#x424;&#x443;&#x436;&#x435;&#x440;&#x435; &#x434;&#x435; &#x41C;&#x43E;&#x43D;&#x431;&#x440;&#x43E;&#x43D;$b&#x41B;.-&#x428;.$g&#x41B;&#x443;&#x438;-&#x428;&#x430;&#x440;&#x43B;&#x44C;$f1706-1760$3RU\NLR\AUTH\7710208</subfield>
    <subfield code="t">&#x41C;&#x430;&#x440;&#x433;&#x43E;-&#x448;&#x442;&#x43E;&#x43F;&#x430;&#x43B;&#x44C;&#x449;&#x438;&#x446;&#x430;</subfield>
    <subfield code="a">&#x424;&#x443;&#x436;&#x435;&#x440;&#x435; &#x434;&#x435; &#x41C;&#x43E;&#x43D;&#x431;&#x440;&#x43E;&#x43D;, &#x41B;&#x443;&#x438;-&#x428;&#x430;&#x440;&#x43B;&#x44C; (1706-1760)</subfield>
  </datafield>
  <datafield tag="517" ind1="1" ind2=" ">
    <subfield code="a">&#x41C;&#x43E;&#x438; &#x43F;&#x440;&#x43E;&#x43A;&#x430;&#x437;&#x44B;</subfield>
  </datafield>
  <datafield tag="686" ind1="1" ind2=" ">
    <subfield code="a">&#x428;6(4&#x424;&#x440;)457-440.4(&#x410;&#x434;&#x41D;){&#x41B;&#x445;1645-50(&#x410;&#x434;&#x41D;)}</subfield>
  </datafield>
  <datafield tag="686" ind1="1" ind2=" ">
    <subfield code="a">&#x428;6(4&#x424;&#x440;)457-440.4(&#x424;&#x434;&#x41C;){&#x41B;&#x445;1645-50(&#x424;&#x434;&#x41C;)}</subfield>
  </datafield>
  <datafield tag="801" ind1=" " ind2="0">
    <subfield code="a">RU</subfield>
    <subfield code="b">&#x420;&#x413;&#x411;</subfield>
    <subfield code="c">20150324</subfield>
    <subfield code="g">RCR</subfield>
  </datafield>
  <datafield tag="942" ind1=" " ind2=" ">
    <subfield code="c">BOOK</subfield>
  </datafield>
  <datafield tag="980" ind1=" " ind2=" ">
    <subfield code="a">NBR</subfield>
  </datafield>
</record>
